000 00771nam a2200289 a 4500
999 _c4865
_d4865
001 4865
003 BD-JhCC
005 20191104134007.0
008 860526r19851973enk | |||| ||eng||
020 _a0006541178
020 _a1857990811
020 _a9781857990812
035 _aCONN426715
035 _a(BD-JhCC)4865
035 _a705546
040 _aBD-JhCC
_dBD-JhCC
041 _aeng
082 _223
_a823.914
_bFAR 1973
100 1 _aFarrell, J. G.
_q(James Gordon),
_d1935-1979.
245 1 4 _aThe siege of Krishnapur :
_ba novel /
_cJ. G. Farrell.
260 _aLondon :
_bFontana,
_c1985, c1973.
300 _a314p ;
_c20cm.
490 0 _aFlamingo
650 _aEnglish fiction
650 _aSepoy Rebellion (India : 1857-1858)
942 _2ddc
_cBK
_01